01493cam a2200253 a 45000010009000000050017000090080041000260100017000670200028000840400013001120500022001250820021001471000025001682450114001932600043003073000021003505040051003715050510004226500047009326500064009799420012010439990017010559520167010721593806220100308090905.0091009s2010 nyu | b 001 0 eng d a 2009039709 a0230621813 (alk. paper) aDLCcDLC00aJC319b.P325 201000222a303.485bPAS1 aPaskal, Cleo.91389810aGlobal Warring :bHow Environmental, Economic, and Political Crises Will Redraw the World Map /cCleo Paskal. aNew York :bPalgrave Macmillan,c2010. a280 p. ;c25 cm. aIncludes bibliographical references and index.0 aThe USS sieve -- The coming storm -- The new geopolitical icebergs -- Life on the no longer permanent permafrost -- The global economy : waiting for the ship to come in -- A short history of modern geopolitics, as seen from the deck of a ship -- The great cold rush of -- Precipitating change in Asia and beyond -- Today's weather -- The story so far -- Interesting times, narrowing options -- Water -- Building a geopolitical ark -- Drawing lines in the water -- Fighting over Atlantis -- Your point is?. 0aGeopoliticsxEnvironmental aspects.913899 0aWorld politicsy21st centuryxEnvironmental aspects.913900 2ddccBB c13971d13971 00102ddc40708Donation-GaMAINbMAINc1STd2010-05-12eDonationl2m6o303.485 PASp000020708r2025-07-15 00:00:00s2019-11-13yBBzDonated by: Dr. Ahmed Hamza